[Event "CT Class HC #6"]
[Site "SchemingMind.com"]
[Date "2012.07.08"]
[Round "-"]
[White "joopsim"]
[Black "John M. Sargent"]
[Result "1-0"]
[WhiteCountry "NED"]
[BlackCountry "ENG"]
[WhiteElo "2604"]
[WhiteRD "80"]
[BlackElo "2349"]
[BlackRD "87"]
[GameID "313693"]

1. e4 c5 2. Nf3 Nc6 3. d4 cxd4 4. Nxd4 g6 5. Nc3 Bg7 6. Be3 Nf6 7. Bc4 O-O 8. Bb3 a5 9. O-O a4 10. Nxa4 Nxe4
11. Nb5 d6 12. Qe2 Nf6 13. Bb6 Qd7 14. Nc7 Rb8 15. Rad1 Qg4 16. f3 Qg5 17. Qf2 Qh5 18. Nd5 Bd7 19. Be3 Nxd5 20. Rxd5 Ne5
21. Nb6 Bc6 22. Rd4 g5 23. h3 Ng6 24. Rg4 h6 25. c3 Rbd8 26. Bd1 Ne5 27. Rd4 Qg6 28. Nd5 Rfe8 29. Bc2 Qh5 30. Nc7 Rf8
31. Rb4 Rd7 32. Nb5 e6 33. Nd4 Bd5 34. Rd1 f5 35. Qe2 Nc6 36. Rb6 Bxd4 37. Bxd4 Qf7 38. Bf2 Ne5 39. Ba4 Rdd8 40. Bb3 Bxb3
41. axb3 Qe7 42. b4 Rd7 43. c4 Re8 44. c5 dxc5 45. bxc5 Rxd1+ 46. Qxd1 Qf7 47. Qd4 Ng6 48. Qa4 Re7 49. b4 Nf4 50. b5 Qe8
51. c6 bxc6 52. bxc6 Nd5 53. Ra6 Rc7 54. Bd4 Ne7 55. Qa5 Rxc6 56. Ra8 Nc8 57. Qe5
1-0

[Event "CT Class HC #6"]
[Site "SchemingMind.com"]
[Date "2012.07.08"]
[Round "-"]
[White "John M. Sargent"]
[Black "joopsim"]
[Result "1/2-1/2"]
[WhiteCountry "ENG"]
[BlackCountry "NED"]
[WhiteElo "2355"]
[WhiteRD "87"]
[BlackElo "2597"]
[BlackRD "76"]
[GameID "313694"]

1. d4 d5 2. c4 c6 3. e3 Bf5 4. Nc3 e6 5. Nf3 Nd7 6. cxd5 exd5 7. Bd3 Bxd3 8. Qxd3 Ngf6 9. O-O Be7 10. b3 O-O
11. a4 a5 12. Ba3 Bxa3 13. Rxa3 Qe7 14. Raa1 Ne4 15. Rac1 Rfe8 16. Qc2 Ndf6 17. Nxe4 dxe4 18. Nd2 Nd5 19. Nc4 f6 20. Qe2 b6
21. h3 Rad8 22. Rfd1 g6 23. h4 h5 24. Re1 Kg7 25. Rf1 Qd7=
1/2-1/2

[Event "CT Class HC #6"]
[Site "SchemingMind.com"]
[Date "2012.07.04"]
[Round "-"]
[White "chesshub"]
[Black "joopsim"]
[Result "0-1"]
[WhiteCountry "FRA"]
[BlackCountry "NED"]
[WhiteElo "2441"]
[WhiteRD "74"]
[BlackElo "2597"]
[BlackRD "76"]
[GameID "313695"]

1. d4 d5 2. c4 c6 3. Nf3 Nf6 4. Nc3 e6 5. Bg5 h6 6. Bh4 dxc4 7. e4 g5 8. Bg3 b5 9. Be2 Bb7 10. O-O Nbd7
11. d5 cxd5 12. exd5 Nxd5 13. Nxb5 a6 14. Nbd4 Bg7 15. Bxc4 O-O 16. Re1 Rc8 17. Rc1 g4 18. Ne5 Nxe5 19. Bxe5 Bxe5 20. Rxe5 Qf6
21. Re4 Nf4 22. Qxg4+ Ng6 23. Ree1 Kh8 24. Nf3 Rg8 25. Qd4 Qxd4 26. Nxd4 Nh4 27. g3 Rcd8 28. Kf1 Rxd4 29. gxh4 Rg2 30. Ke2 Re4+
31. Kd1 Rf4 32. Rf1 Rxh2 33. Ke2 Kg7 34. b3 Kf6 35. Bd3 Bg2 36. Rfe1 Bd5 37. Rf1 a5 38. Rc5 a4 39. Bc4 Bg2 40. Rc1 Bb7
41. Rf1 Rhxh4 42. f3 axb3 43. axb3 Rh3 44. Ke3 Rhxf3+ 45. Rxf3 Rxf3+ 46. Ke2 Rh3 47. b4 h5 48. Kd2 h4 49. Rh5 Kg6 50. Rh8 Kg7
51. Rh5 Bf3 52. Re5 Rg3
0-1

[Event "CT Class HC #6"]
[Site "SchemingMind.com"]
[Date "2012.07.06"]
[Round "-"]
[White "chesshub"]
[Black "John M. Sargent"]
[Result "1/2-1/2"]
[WhiteCountry "FRA"]
[BlackCountry "ENG"]
[WhiteElo "2441"]
[WhiteRD "74"]
[BlackElo "2355"]
[BlackRD "87"]
[GameID "313696"]

1. c4 e5 2. Nc3 Nf6 3. Nf3 Nc6 4. g3 Bb4 5. Bg2 O-O 6. O-O d6 7. d3 h6 8. Bd2 Be6 9. a3 Bxc3 10. Bxc3 Qd7
11. Re1 Bh3 12. Bh1 a6 13. d4 Ne4 14. Qc2 Nxc3 15. Qxc3 Nxd4 16. Nxd4 exd4 17. Qxd4 Rab8 18. Rad1 b6=
1/2-1/2

[Event "CT Class HC #6"]
[Site "SchemingMind.com"]
[Date "2012.07.04"]
[Round "-"]
[White "joopsim"]
[Black "chesshub"]
[Result "1-0"]
[WhiteCountry "NED"]
[BlackCountry "FRA"]
[WhiteElo "2604"]
[WhiteRD "79"]
[BlackElo "2440"]
[BlackRD "77"]
[GameID "313697"]

1. e4 e5 2. Nf3 Nc6 3. Bb5 a6 4. Ba4 Nf6 5. O-O Be7 6. Re1 b5 7. Bb3 d6 8. c3 O-O 9. h3 h6 10. d4 Bb7
11. Nbd2 Re8 12. Nf1 Bf8 13. Ng3 Na5 14. Bc2 Nc4 15. b3 Nb6 16. Rb1 c5 17. d5 Bc8 18. Be3 Bd7 19. Bd3 Qc7 20. c4 Rab8
21. Nh4 Rb7 22. Qf3 Kh7 23. Nhf5 Qd8 24. Bd2 g6 25. Ne3 Qe7 26. h4 h5 27. Nef5 gxf5 28. Nxf5 Bxf5 29. Qxf5+ Kg8 30. cxb5 axb5
31. Bxb5 Reb8 32. Re3 Ng4 33. Rg3 Qxh4 34. Rh3 Qf6 35. Qxh5 Qxf2+ 36. Kh1 Bg7 37. Qxg4 Qxd2 38. Rf1 Nxd5 39. Bc6 Ne3 40. Rxe3 Qxe3
41. Bxb7 Qh6+ 42. Kg1 Qe6 43. Qxe6 fxe6 44. Bc6 Rb4 45. Bd7 Rxe4 46. Bxe6+ Kh8 47. a4 Re2 48. Rf2 Re1+ 49. Rf1 Re2 50. Rf5 Kh7
51. Kf1 Rb2 52. Bd5 Rb1+ 53. Ke2 Rb2+ 54. Kd3 Bh6 55. Kc4 Rd2 56. Be6 Kg6 57. Rf1 Rxg2 58. a5 Ra2 59. Bf7+ Kg7 60. Kb5 Bd2
61. a6 c4 62. Bxc4 d5 63. Be2 Be3 64. Bd1 e4 65. b4 Ra1 66. Be2 Ra2 67. Bg4 Bd2 68. Rf2 e3 69. Rg2 Kf6 70. Bd1 Kf5
71. Kb6 Ra1 72. a7 d4 73. b5
1-0

[Event "CT Class HC #6"]
[Site "SchemingMind.com"]
[Date "2012.07.06"]
[Round "-"]
[White "John M. Sargent"]
[Black "chesshub"]
[Result "0-1"]
[WhiteCountry "ENG"]
[BlackCountry "FRA"]
[WhiteElo "2358"]
[WhiteRD "85"]
[BlackElo "2440"]
[BlackRD "77"]
[GameID "313698"]

1. Nf3 Nf6 2. g3 g6 3. c4 Bg7 4. Nc3 O-O 5. Bg2 d6 6. d3 e5 7. Bg5 h6 8. Bd2 Nc6 9. Qc1 Kh7 10. O-O Be6
11. h3 Qd7 12. g4 Nd4 13. Qd1 Nxf3+ 14. Bxf3 c6 15. Bg2 d5 16. cxd5 Nxd5 17. Nxd5 cxd5 18. Rc1= f5 19. gxf5 Bxf5 20. Kh2 Be6
21. Qb3 Rf5 22. Kg1 Raf8 23. Rc2 R8f7 24. a4 Rh5 25. Qb5 Qd8 26. Qc5 d4 27. f3 e4 28. Qa3 e3 29. Be1 Bf8
0-1

[Event "CT Class HC #6"]
[Site "SchemingMind.com"]
[Date "2012.07.04"]
[Round "-"]
[White "docjan"]
[Black "chesshub"]
[Result "0-1"]
[WhiteCountry "SWE"]
[BlackCountry "FRA"]
[WhiteElo "2303"]
[WhiteRD "72"]
[BlackElo "2463"]
[BlackRD "76"]
[GameID "313704"]

1. d4 Nf6 2. c4 e6 3. Nc3 Bb4 4. Nf3 b6 5. Bg5 Bb7 6. e3 h6 7. Bxf6 Qxf6 8. Be2 Bxc3+ 9. bxc3 O-O 10. O-O d6
11. Qc2 Nd7 12. Nd2 e5 13. Bg4 Qe7 14. Bf5 Nf6 15. Ne4 Rae8 16. Rfe1 g6 17. Nxf6+ Qxf6 18. Bd3 e4 19. Bf1 Bc6 20. g3 Re7
21. Bg2 Qf5 22. d5 Bd7 23. Rad1 h5 24. h4 f6 25. Rd4 Rfe8 26. Kh2 g5 27. hxg5 fxg5 28. Rh1 h4 29. Kg1 hxg3 30. fxg3 Qe5
31. Qf2 Rf7 32. Qe1 Bf5 33. Rh5 Bg6 34. Rh2 a5 35. a3 Ref8 36. a4 Qe8 37. Bh3 Kg7 38. Ra2 Qe5 39. Bg2 Rf6 40. Rd1 Bh5
41. Rdd2 Qxc3 42. Rac2 Qe5 43. Ra2 Bf3 44. Bf1 Bg4 45. Bg2 Rh8 46. Bh1 Rh3 47. Rh2 Rxg3+ 48. Bg2 Bf3 49. Rc2 Rh6 50. Rxh6 Kxh6
0-1

[Event "CT Class HC #6"]
[Site "SchemingMind.com"]
[Date "2012.07.04"]
[Round "-"]
[White "docjan"]
[Black "joopsim"]
[Result "0-1"]
[WhiteCountry "SWE"]
[BlackCountry "NED"]
[WhiteElo "2317"]
[WhiteRD "62"]
[BlackElo "2594"]
[BlackRD "79"]
[GameID "313705"]

1. e4 e5 2. Nf3 Nc6 3. Bb5 a6 4. Ba4 Nf6 5. O-O Be7 6. Re1 b5 7. Bb3 O-O 8. c3 d5 9. exd5 Nxd5 10. Nxe5 Nxe5
11. Rxe5 c6 12. d4 Bd6 13. Re1 Qh4 14. g3 Qh3 15. Be3 Bg4 16. Qd3 Rae8 17. Nd2 Re6 18. a4 Qh5 19. axb5 axb5 20. Ne4 Bf5
21. Bc1 g5 22. Ra6 Rfe8 23. Bxd5 cxd5 24. Nf6+ Rxf6 25. Rxe8+ Bf8 26. Rxf8+ Kxf8 27. Ra8+ Kg7 28. Qd2 h6 29. Re8 Be4 30. Rxe4 dxe4
31. Qe1 Qf3 32. Be3 Ra6 33. Qf1 f5 34. d5 f4 35. Bc5 Qd3 36. d6 f3
0-1

[Event "CT Class HC #6"]
[Site "SchemingMind.com"]
[Date "2012.07.08"]
[Round "-"]
[White "docjan"]
[Black "John M. Sargent"]
[Result "1/2-1/2"]
[WhiteCountry "SWE"]
[BlackCountry "ENG"]
[WhiteElo "2243"]
[WhiteRD "61"]
[BlackElo "2383"]
[BlackRD "90"]
[GameID "313706"]

1. Nf3 Nf6 2. g3 Nc6 3. Bg2 e5 4. d4 exd4 5. Nxd4 Bc5 6. Nxc6 bxc6 7. O-O Qe7 8. c4 O-O 9. Nc3 h6 10. Qc2 Re8
11. Na4 Rb8 12. e3 a5 13. Nxc5 Qxc5 14. Bd2 Ba6 15. b3 d5 16. Rac1 a4 17. Rfd1 axb3 18. axb3 dxc4 19. bxc4 Bc8 20. Bc3 Bg4
21. Re1 Bf5 22. Bd4 Qxd4 23. Qxf5 Qd6 24. Red1 Qe6 25. Qxe6 Rxe6 26. Ra1 Rb4 27. Rdc1 c5 28. Bd5 Re7 29. Ra5 Nd7 30. h3 g6
31. Rc2 Rb6 32. Kg2 h5 33. Rd2 Kg7 34. h4 Rd6 35. Rd1 c6 36. Bf3 Rxd1 37. Bxd1 Re4 38. Be2 Kf8 39. Ra7 Re7 40. Rc7 Ne5
41. Rc8+ Kg7 42. f4 Ng4 43. Bxg4 hxg4 44. Rxc6 Rxe3 45. Rxc5 Re2+ 46. Kf1 Rc2 47. f5 gxf5 48. Rxf5 Rxc4 49. Kf2 Kg6 50. Rg5+ Kf6
51. Rg8 Ke5 52. Rg7 Rc2+ 53. Ke3 f5 54. Re7+ Kf6 55. Rb7 Rc3+ 56. Kf2 Rf3+ 57. Kg2 Rd3 58. Rb6+ Kg7 59. Kf2=
1/2-1/2

[Event "CT Class HC #6"]
[Site "SchemingMind.com"]
[Date "2012.07.04"]
[Round "-"]
[White "chesshub"]
[Black "docjan"]
[Result "1-0"]
[WhiteCountry "FRA"]
[BlackCountry "SWE"]
[WhiteElo "2463"]
[WhiteRD "76"]
[BlackElo "2303"]
[BlackRD "72"]
[GameID "313707"]

1. c4 Nf6 2. d4 e6 3. Nf3 d5 4. Nc3 Be7 5. Bf4 O-O 6. e3 Nc6 7. Rc1 a6 8. h3 Ne4 9. Bd3 Nxc3 10. bxc3 dxc4
11. Bxc4 Bd6 12. O-O Bxf4 13. exf4 Qd6 14. g3 b6 15. Re1 h6 16. Bd3 Bb7 17. Be4 f5 18. Bd3 Na5 19. Re3 Bd5 20. a4 c5
21. dxc5 bxc5 22. Ne5 Qc7 23. Qe2 c4 24. Bc2 Rad8 25. Rd1 Rf6 26. g4 fxg4 27. Nxg4 Rff8 28. Rg3 Kh8 29. Ne5 Kg8 30. Qh5 Rxf4
31. Rd4 Rdf8 32. Ng4 Rb8 33. Nxh6+ Kf8 34. Rxd5 exd5 35. Qxd5 Nc6 36. Qg8+ Ke7 37. Rxg7+ Kd6 38. Qh7 Qc8 39. Ng4 Nd8 40. Qh5
1-0

[Event "CT Class HC #6"]
[Site "SchemingMind.com"]
[Date "2012.07.04"]
[Round "-"]
[White "joopsim"]
[Black "docjan"]
[Result "1-0"]
[WhiteCountry "NED"]
[BlackCountry "SWE"]
[WhiteElo "2594"]
[WhiteRD "79"]
[BlackElo "2317"]
[BlackRD "62"]
[GameID "313708"]

1. e4 c5 2. Nf3 Nc6 3. d4 cxd4 4. Nxd4 e5 5. Nb5 d6 6. N1c3 a6 7. Na3 b5 8. Nd5 Nf6 9. Bg5 Be7 10. Bxf6 Bxf6
11. c4 b4 12. Nc2 O-O 13. g3 Be6 14. h4 a5 15. Bg2 g6 16. Qd3 Rb8 17. b3 Bg7 18. h5 Qg5 19. Rd1 a4 20. Kf1 Rb7
21. Kg1 Ra8 22. Bh3 axb3 23. axb3 gxh5 24. Bf5 Bxf5 25. exf5 Ra2 26. Kg2 Rb8 27. Rh4 Re8 28. Qe4 Rb2 29. f6 Bf8 30. Nce3 Re2
31. Rdh1 h6 32. Rxh5 Qg6 33. Qh4 Rxe3 34. fxe3 Ra8 35. g4 Nd4 36. Kg3 Ne2+ 37. Kf3 Ra2 38. Rf5 e4+ 39. Kxe4 Nc3+ 40. Kf3 Nxd5
41. Rxd5 Rb2 42. Rb5 d5 43. Rxd5 Rxb3 44. Rd8 Rd3 45. Rb8 Rd6 46. g5
1-0

[Event "CT Class HC #6"]
[Site "SchemingMind.com"]
[Date "2012.07.08"]
[Round "-"]
[White "John M. Sargent"]
[Black "docjan"]
[Result "1/2-1/2"]
[WhiteCountry "ENG"]
[BlackCountry "SWE"]
[WhiteElo "2383"]
[WhiteRD "90"]
[BlackElo "2243"]
[BlackRD "61"]
[GameID "313709"]

1. Nf3 d5 2. c4 e6 3. d4 Nf6 4. Nc3 Be7 5. g3 O-O 6. cxd5 exd5 7. Bg2 Bf5 8. O-O c6 9. Nh4 Be6 10. Qc2 Qc8
11. Nf3 h6 12. Bf4 Na6 13. Rac1 Nc7 14. Qb3 Rd8 15. Ne1 Nce8 16. Na4 Nd6 17. Nc5 Bf5 18. Nc2 b6 19. Nd3 Nc4 20. Ne3 Nxe3
21. Bxe3 Qe6 22. Qa4 Rdc8 23. Rfe1 a5 24. a3 b5 25. Qd1 Nd7 26. Qd2 Nb6 27. Nc5 Qf6 28. b3 a4 29. b4 Nc4 30. Qc3 Re8
31. Nd3 Nxe3 32. fxe3 Rac8 33. Rf1 Qe6 34. Nf4 Qd7 35. Qd2 Bg5 36. Rc3 Kh7 37. Qe1 g6 38. Qf2 Be7 39. Bh3 Bxh3 40. Nxh3 Rf8
41. Kg2 Bd6 42. Qf3 f5 43. Nf4 Kg7 44. Rfc1 Rc7 45. R1c2 Re8 46. Qf1 Rh8 47. Qc1 Rhc8 48. Kf1 Kf6 49. Kg2 g5 50. Nd3 Qe8
51. Nc5 Ra8 52. Qf1 Kg6 53. Qc1 Raa7 54. Nd3 Ra6 55. Ne1 Rb6 56. Nd3 Rc8 57. Kg1 Kg7 58. Kf1=
1/2-1/2

[Event "CT Class HC #6"]
[Site "SchemingMind.com"]
[Date "2012.07.06"]
[Round "-"]
[White "sibelius"]
[Black "chesshub"]
[Result "1/2-1/2"]
[WhiteCountry "USA"]
[BlackCountry "FRA"]
[WhiteElo "2303"]
[WhiteRD "80"]
[BlackElo "2463"]
[BlackRD "76"]
[GameID "313728"]

1. e4 e5 2. Nf3 Nc6 3. d4 exd4 4. Bc4 Nf6 5. e5 d5 6. Bb5 Ne4 7. Nxd4 Bd7 8. Bxc6 bxc6 9. O-O c5 10. Nb3 c6
11. f3 Ng5 12. f4 Ne4 13. Nc3 Bf5 14. Qh5 Qd7 15. Qe2 Nxc3 16. bxc3 c4 17. Nd4 Bc5 18. Be3 Bxd4 19. cxd4 O-O 20. Rf2 Rab8
21. Qd1 Rfc8 22. Bd2 Rb7 23. Bc3 Qe6 24. Qh5 Rcb8 25. Rc1 Bg6 26. Qd1 Be4 27. a3 Qg6 28. Bb4 Rb5 29. Qf1 Qf5 30. Bd6 R8b6
31. Bc5 Rb7 32. Bb4 a6 33. Qe2 a5 34. Bc3 c5 35. dxc5 Rxc5 36. a4 h5 37. Qd2 Rc8 38. Bxa5 Ra8 39. Bb4 Rxa4 40. c3 Rba7
41. Rcf1 R7a6 42. Bd6 Bd3 43. Re1 Qg6 44. Bc5 Ra1 45. h3 Qg3 46. Rd1 R6a5 47. Rf3 Rxd1+ 48. Qxd1 Qg6 49. Bf2 Qa6 50. Qd2 Ra2
51. Qe3 Be4 52. Rg3 g6 53. Qb6 Qxb6 54. Bxb6 Rc2 55. Bd4 Kf8 56. Rg5 Ke7 57. Kf1 Ke6 58. Kg1 Re2 59. Bc5 Rb2 60. Bd4=
1/2-1/2

[Event "CT Class HC #6"]
[Site "SchemingMind.com"]
[Date "2012.07.05"]
[Round "-"]
[White "sibelius"]
[Black "joopsim"]
[Result "0-1"]
[WhiteCountry "USA"]
[BlackCountry "NED"]
[WhiteElo "2289"]
[WhiteRD "77"]
[BlackElo "2597"]
[BlackRD "76"]
[GameID "313729"]

1. e4 e5 2. Nf3 Nc6 3. Bb5 a6 4. Bxc6 dxc6 5. O-O Qf6 6. d4 exd4 7. Bg5 Qd6 8. e5 Qg6 9. Qxd4 Be7 10. Bxe7 Nxe7
11. Nc3 O-O 12. Nb1 Qxc2 13. Nc3 Re8 14. Rab1 Qg6 15. Rfe1 Bg4 16. Nh4 Qg5 17. g3 Nf5 18. Nxf5 Qxf5 19. Re3 Rad8 20. Qb4 b6
21. Rbe1 h5 22. Qa3 a5 23. f3 Bh3 24. Ne2 Rd2 25. Nf4 Qc2 26. Nxh3 Rxh2 27. R1e2 Rxe2 28. Rxe2 Qxe2 29. Nf4 Qe1+ 30. Kg2 Rd8
31. Nxh5 Rd1 32. Kh3 Qxe5
0-1

[Event "CT Class HC #6"]
[Site "SchemingMind.com"]
[Date "2012.07.06"]
[Round "-"]
[White "sibelius"]
[Black "John M. Sargent"]
[Result "1-0"]
[WhiteCountry "USA"]
[BlackCountry "ENG"]
[WhiteElo "2289"]
[WhiteRD "77"]
[BlackElo "2355"]
[BlackRD "87"]
[GameID "313730"]

1. e4 e5 2. Nf3 Nc6 3. d4 exd4 4. Bc4 Bb4+ 5. c3 dxc3 6. bxc3 Bd6 7. O-O Qf6 8. Bg5 Qg6 9. Re1 Nge7 10. e5 Bc5
11. Nbd2 h6 12. Bh4 Nf5 13. Ne4 Bb6 14. Bd3 Qh5 15. Ng3 Nxg3 16. Bxg3 Qg4 17. Re4 Qe6 18. h3 O-O 19. Qd2 Ne7 20. Rae1 Ng6
21. Rg4 Kh8 22. Bc4 Qe7 23. Nh4
1-0

[Event "CT Class HC #6"]
[Site "SchemingMind.com"]
[Date "2012.07.05"]
[Round "-"]
[White "sibelius"]
[Black "docjan"]
[Result "1/2-1/2"]
[WhiteCountry "USA"]
[BlackCountry "SWE"]
[WhiteElo "2289"]
[WhiteRD "77"]
[BlackElo "2328"]
[BlackRD "67"]
[GameID "313731"]

1. e4 e5 2. Nf3 Nc6 3. d4 exd4 4. Bc4 Nf6 5. e5 d5 6. Bb5 Nd7 7. O-O Be7 8. Bxc6 bxc6 9. Nxd4 Nxe5 10. Bf4 c5
11. Nb5 c6 12. Bxe5 cxb5 13. Nc3 d4 14. Qf3 Be6 15. Nxb5 O-O 16. Rfe1 Qd7 17. Nc7 Rad8 18. Qg3 g6 19. Nxe6 fxe6 20. Re4 Qb7
21. Rg4 Bf6 22. Re1 Rd5 23. Bd6 Rd8 24. Rxe6 Qxb2 25. Rxg6+ hxg6 26. Qxg6+ Bg7 27. Re8+ Rxe8 28. Qxe8+=
1/2-1/2

[Event "CT Class HC #6"]
[Site "SchemingMind.com"]
[Date "2012.07.05"]
[Round "-"]
[White "chesshub"]
[Black "sibelius"]
[Result "1-0"]
[WhiteCountry "FRA"]
[BlackCountry "USA"]
[WhiteElo "2486"]
[WhiteRD "79"]
[BlackElo "2302"]
[BlackRD "81"]
[GameID "313732"]

1. d4 Nf6 2. c4 e6 3. Nf3 Nc6 4. a3 d5 5. Nc3 Be7 6. e3 Ne4 7. Qc2 f5 8. Bd3 Nxc3 9. bxc3 O-O 10. O-O Na5
11. cxd5 exd5 12. c4 c6 13. cxd5 cxd5 14. Bd2 Be6 15. Rab1 Rc8 16. Qa4 b6 17. Bxa5 bxa5 18. Rfc1 Rc7 19. Ne5 Qc8 20. Rc6 Rxc6
21. Nxc6 Bd6 22. Nxa7 Qc3 23. Bc2 Be7 24. g3 Qc7 25. Nb5 Qb6 26. Nc3 Qc7 27. Qb3 Qc4 28. Qxc4 dxc4 29. Rb5 Bxa3 30. Rxa5 Bb4
31. Re5 Bf7 32. Na4 Ra8 33. Rb5 Bd2 34. Bxf5 Be8 35. Be6+ Kh8 36. Bxc4 g6 37. Bf1 Bxb5 38. Bxb5 Kg7 39. Bc6 Rb8 40. Nc5 Rb2
41. Bd5 Rc2 42. Nd3 Kf6 43. Ne5 Kg7 44. Kf1 g5 45. h3 Ba5 46. Kg2 h5 47. Bf3 h4 48. Be4 Ra2 49. gxh4 gxh4 50. Nd3 Bd8
51. Kf3 Kf6 52. Kg4 Ra1 53. Kxh4 Rg1 54. Kh5 Rg5+ 55. Kh6 Be7 56. Ne5 Bf8+ 57. Kh7 Rh5+ 58. Kg8 Bb4 59. Ng4+ Ke7 60. Bg2 Ra5
61. Kg7 Ra1 62. Kg6 Rg1 63. Bf3 Be1 64. Kf5 Rf1 65. e4 Bxf2 66. Nxf2 Rxf2 67. Kg4 Rb2 68. d5 Rb4 69. h4 Kd6 70. Kf5 Kc5
71. h5 Rb8 72. e5 Rf8+ 73. Ke4 Rb8 74. d6 Rf8 75. Bd1 Rd8 76. Kf5 Rh8 77. Ke6 Rh6+ 78. Kf7 Rh7+ 79. Kg6 Rh8 80. d7 Rf8
81. Kg7 Rd8 82. e6 Kd6 83. Bg4 Ke7 84. h6
1-0

[Event "CT Class HC #6"]
[Site "SchemingMind.com"]
[Date "2012.07.05"]
[Round "-"]
[White "joopsim"]
[Black "sibelius"]
[Result "1-0"]
[WhiteCountry "NED"]
[BlackCountry "USA"]
[WhiteElo "2597"]
[WhiteRD "76"]
[BlackElo "2289"]
[BlackRD "77"]
[GameID "313733"]

1. e4 c5 2. Nf3 e6 3. d4 cxd4 4. Nxd4 Nf6 5. Nc3 Nc6 6. Ndb5 d6 7. Bf4 e5 8. Bg5 a6 9. Bxf6 gxf6 10. Na3 Rg8
11. Nc4 f5 12. Nd5 fxe4 13. Ncb6 Rb8 14. Nxc8 Rxc8 15. c3 Rg6 16. g3 f5 17. Be2 Rg7 18. Qb3 Na5 19. Qa4+ Kf7 20. b4 Nc6
21. Qb3 Ke8 22. a4 Qg5 23. b5 Nb8 24. a5 Rc5 25. bxa6 Nxa6 26. O-O f4 27. Rab1 Qf5 28. Qa4+ Kd8 29. Bxa6 bxa6 30. Rb8+ Rc8
31. Rfb1 h5 32. R1b6 e3 33. fxe3 fxg3 34. Rxc8+ Qxc8 35. Qh4+ Ke8 36. Qxh5+ Rf7 37. Rxa6 Qb8 38. Ra8
1-0

[Event "CT Class HC #6"]
[Site "SchemingMind.com"]
[Date "2012.07.06"]
[Round "-"]
[White "John M. Sargent"]
[Black "sibelius"]
[Result "1/2-1/2"]
[WhiteCountry "ENG"]
[BlackCountry "USA"]
[WhiteElo "2355"]
[WhiteRD "87"]
[BlackElo "2289"]
[BlackRD "77"]
[GameID "313734"]

1. e4 c5 2. Nf3 g6 3. Nc3 Bg7 4. Bc4 Nc6 5. h3 d6 6. O-O Nf6 7. d3 O-O 8. a4 e6 9. Bf4 a6 10. Qd2 d5
11. Bb3 Re8 12. Bg5 d4 13. Nb1 e5 14. Na3 Rb8 15. c3 dxc3 16. bxc3 Na5 17. Bc2 Qb6 18. Rab1 Qc6 19. Rfd1 b6 20. Be3 Rb7
21. Bh6 Bd7 22. Qe3 b5 23. Bxg7 Kxg7 24. axb5=
1/2-1/2

[Event "CT Class HC #6"]
[Site "SchemingMind.com"]
[Date "2012.07.05"]
[Round "-"]
[White "docjan"]
[Black "sibelius"]
[Result "1/2-1/2"]
[WhiteCountry "SWE"]
[BlackCountry "USA"]
[WhiteElo "2336"]
[WhiteRD "72"]
[BlackElo "2304"]
[BlackRD "79"]
[GameID "313735"]

1. e4 c5 2. Nf3 g6 3. d4 cxd4 4. Nxd4 Bg7 5. Nc3 Nc6 6. Be3 d6 7. Be2 Nf6 8. O-O O-O 9. f3 Bd7 10. Qd2 Re8
11. Nxc6 bxc6 12. Bc4 Rb8 13. Bb3 Qc7 14. Rad1 Rb7 15. Qe2 c5 16. Bc1 Bc6 17. Rfe1 e6 18. Bf4 Rd8 19. Rd2 Nh5 20. Be3 Be5
21. g3 Nf6 22. Red1 a5 23. Bg5 Rdb8 24. Kg2 Kg7 25. a4 h6 26. Be3 g5 27. Kg1 g4 28. fxg4 Nxe4 29. Bxh6+ Kxh6 30. Nxe4 Bxe4
31. Qxe4 Kg7 32. Bc4 Rxb2 33. Bb5 Rb4 34. c4 Qb7 35. Bc6 Qe7 36. Bb5 Qb7 37. Bc6=
1/2-1/2

[Event "CT Class HC #6"]
[Site "SchemingMind.com"]
[Date "2012.07.09"]
[Round "-"]
[White "Lone Gunman"]
[Black "chesshub"]
[Result "1/2-1/2"]
[WhiteCountry "ENG"]
[BlackCountry "FRA"]
[WhiteElo "2385"]
[WhiteRD "58"]
[BlackElo "2441"]
[BlackRD "74"]
[GameID "313896"]

1. e4 e5 2. Nf3 Nc6 3. Bb5 a6 4. Ba4 Nf6 5. O-O Be7 6. Re1 b5 7. Bb3 d6 8. c3 O-O 9. h3 Na5 10. Bc2 c5
11. d4 Qc7 12. Nbd2 cxd4 13. cxd4 Nc6 14. Nb3 a5 15. Be3 a4 16. Nbd2 Bd7 17. Rc1 Qb7 18. Qe2 Rfe8 19. Bd3 Rab8 20. dxe5 dxe5
21. b3 a3 22. Nb1 Bf8=
1/2-1/2

[Event "CT Class HC #6"]
[Site "SchemingMind.com"]
[Date "2012.07.08"]
[Round "-"]
[White "Lone Gunman"]
[Black "joopsim"]
[Result "1/2-1/2"]
[WhiteCountry "ENG"]
[BlackCountry "NED"]
[WhiteElo "2385"]
[WhiteRD "58"]
[BlackElo "2597"]
[BlackRD "76"]
[GameID "313897"]

1. e4 e5 2. Nf3 Nc6 3. d4 exd4 4. Nxd4 Nf6 5. Nxc6 bxc6 6. e5 Qe7 7. Qe2 Nd5 8. c4 Ba6 9. Nd2 g6 10. Nf3 Qb4+
11. Kd1 Bg7 12. Qd2 Qxd2+ 13. Bxd2 Nb6 14. b3 O-O 15. c5 Bxf1 16. Rxf1 Nd5 17. Rc1 f6 18. exf6 Bxf6 19. Rc4 a5 20. Ne1 a4=
21. bxa4 Rfb8 22. Nd3 Rb1+ 23. Nc1 Rab8 24. a5 R8b2 25. a4 Kf7 26. g4 g5 27. h4 h6 28. Rh1 Kg6 29. hxg5 hxg5 30. Re1 Rb8
31. Ree4 Ra1 32. a6 Ra8 33. Kc2 Rxa6 34. a5 R1xa5 35. Bxa5 Rxa5 36. Re1 Nf4 37. Rd1 Nd5 38. Nd3 Kg7 39. Rh1 Kg8 40. Rh5 Kg7
41. Rh3 Ra2+ 42. Kb3 Ra8 43. Ra4=
1/2-1/2

[Event "CT Class HC #6"]
[Site "SchemingMind.com"]
[Date "2012.07.09"]
[Round "-"]
[White "Lone Gunman"]
[Black "sibelius"]
[Result "1/2-1/2"]
[WhiteCountry "ENG"]
[BlackCountry "USA"]
[WhiteElo "2353"]
[WhiteRD "62"]
[BlackElo "2304"]
[BlackRD "79"]
[GameID "313898"]

1. e4 c5 2. Nf3 g6 3. d4 cxd4 4. Nxd4 Bg7 5. c4 Nc6 6. Be3 Nf6 7. Nc3 Ng4 8. Qxg4 Nxd4 9. Qd1 Ne6 10. Rc1 O-O
11. Bd3 Bxc3+ 12. Rxc3 d6 13. b4 Bd7 14. a3 a5 15. f4 axb4 16. axb4 Ra4 17. Qb1 Qc7 18. Bc2 Ra6 19. O-O Rfa8 20. f5 Ng7
21. Qe1 Bc6 22. Qf2 Ra1 23. Bc1 e6 24. fxg6 hxg6 25. Rh3 Qe7 26. Qd2 e5 27. c5 dxc5 28. Bb3 Bxe4 29. Bxf7+ Qxf7 30. Rh8+ Kxh8
31. Rxf7 Kg8 32. Re7 Re8 33. Rxe8+ Nxe8 34. Qc3 Rb1 35. Qc4+ Kg7 36. Qxe4 Rxc1+ 37. Kf2 Kf6 38. Qf3+ Ke6 39. Qa3 Rc2+ 40. Ke1 Rc4
41. bxc5 Re4+ 42. Kf2 Rf4+ 43. Kg1 Kd5 44. g3 Rc4 45. Qa8 Nf6 46. Qxb7+ Kd4 47. c6 Rc1+ 48. Kg2 Rc2+ 49. Kh3 Nd5 50. Kg4 Rc5
51. h4=
1/2-1/2

[Event "CT Class HC #6"]
[Site "SchemingMind.com"]
[Date "2012.07.09"]
[Round "-"]
[White "Lone Gunman"]
[Black "John M. Sargent"]
[Result "1/2-1/2"]
[WhiteCountry "ENG"]
[BlackCountry "ENG"]
[WhiteElo "2385"]
[WhiteRD "58"]
[BlackElo "2355"]
[BlackRD "87"]
[GameID "313899"]

1. e4 c5 2. Nf3 Nc6 3. d4 cxd4 4. Nxd4 g6 5. c4 Bg7 6. Be3 Qb6 7. Nb5 Qa5+ 8. N1c3 Nf6 9. f3 a6 10. Nd4 O-O
11. Nb3 Qh5 12. Qd2 d6 13. Nd5 Nxd5 14. cxd5 Ne5 15. Be2 Qh4+ 16. Bf2 Qh6 17. f4 Ng4 18. Bxg4 Bxg4 19. O-O Rac8 20. Rac1 Bd7
21. Bd4=
1/2-1/2

[Event "CT Class HC #6"]
[Site "SchemingMind.com"]
[Date "2012.07.08"]
[Round "-"]
[White "Lone Gunman"]
[Black "docjan"]
[Result "1/2-1/2"]
[WhiteCountry "ENG"]
[BlackCountry "SWE"]
[WhiteElo "2414"]
[WhiteRD "63"]
[BlackElo "2317"]
[BlackRD "62"]
[GameID "313900"]

1. e4 e5 2. Nf3 Nc6 3. d4 exd4 4. Nxd4 Bc5 5. Be3 Qf6 6. c3 Nge7 7. Bc4 O-O 8. O-O b6 9. f4 d5 10. exd5 Nxd4
11. Bxd4 Bxd4+ 12. Qxd4 Qxd4+ 13. cxd4 Bb7 14. Nc3 Rfd8 15. Rac1 Nxd5=
1/2-1/2

[Event "CT Class HC #6"]
[Site "SchemingMind.com"]
[Date "2012.07.08"]
[Round "-"]
[White "chesshub"]
[Black "Lone Gunman"]
[Result "1/2-1/2"]
[WhiteCountry "FRA"]
[BlackCountry "ENG"]
[WhiteElo "2441"]
[WhiteRD "74"]
[BlackElo "2385"]
[BlackRD "58"]
[GameID "313901"]

1. d4 Nf6 2. c4 e6 3. Nf3 b6 4. g3 Ba6 5. b3 Bb4+ 6. Bd2 Be7 7. Bg2 O-O 8. O-O d5 9. Ne5 Bb7 10. Nc3 Nbd7
11. Rc1 c6 12. Bf4 Nh5 13. Be3 Nhf6 14. f4 Rc8 15. h3 Ba6 16. a4 h6 17. Bf3 Ba3 18. Rc2 Qe7 19. Qa1 Nxe5 20. fxe5 Nd7
21. Kh2 f6 22. exf6 Nxf6=
1/2-1/2